000 00544nam a2200217Ia 4500
003 GCL
008 140319s9999 xx 000 0 eng d
040 _aGCL /
_cGCL
082 0 4 _a001.944
_bC T
100 1 _aCOLEMAM, LOREN
245 1 0 _aTOM SLICK AND THE SEARCH FOR THE YETI /
_cCOLEMAM, LOREN
260 _a[S.N] :
_bFaber and Faber ،
_c1989
300 _a176 P
650 0 4 _aUNITED STATES
650 0 4 _aBIOGRAPHY
650 0 4 _aYETI
650 0 4 _aSASQUATCH
650 0 4 _aSLICK TOMD 1962
650 0 4 _aADVENTURE
942 _2ddc
_cBK
999 _c19282
_d19282